000 00826nam a22002417a 4500
008 081008t xxu||||| |||| 00| 0 eng d
010 _aENG-91229
020 _a9788184550559
_c700.00
035 _aEN-74762
037 _bDBAD / PUB
040 _adpl
_bEnglish
082 _a658
245 _aAspects of business environment /
_cedited by Pankaj Mehra
260 _aNew Delhi
_bOmega Publications
_c2008
270 _a4398/5, Ansari Road, Daryaganj
_bNew Delhi
_e110002
300 _av, 280p.
_c22cm (Hb)
500 _aIncludes index
650 _aIndustrial management
650 _aBusiness
700 _aMehra, Pankaj
942 _2ddc
_cEN
_mASP
_h658
999 _c16402
_d16402